Human Resource Management : Gaining A Competitive Advantage. (Record no. 2096)

MARC details
005 - DATE AND TIME OF LATEST TRANSACTION
control field 20250610140211.0
020 ## - INTERNATIONAL STANDARD BOOK NUMBER
International Standard Book Number 0-07-246994-3
082 ## - DEWEY DECIMAL CLASSIFICATION NUMBER
Classification number 658.3 NOE
100 ## - MAIN ENTRY--PERSONAL NAME
Author name NOE, R. A.
245 ## - TITLE STATEMENT
Title Human Resource Management : Gaining A Competitive Advantage.
250 ## - EDITION STATEMENT
Edition statement 4th Ed.
260 ## - PUBLICATION, DISTRIBUTION, ETC.
Place of publication, distribution, etc. New York,
Name of publisher, distributor, etc. McGraw-Hill,
Date of publication, distribution, etc. 2003.
300 ## - PHYSICAL DESCRIPTION
Extent xiii, 740p.: Ill.; figures, picture & table
Other physical details Index,
Dimensions 25cm.
700 ## - ADDED ENTRY--PERSONAL NAME
Other authors/Editors HOLLENBECK, J.R. & GERHART, B.
942 ## - ADDED ENTRY ELEMENTS (KOHA)
Source of classification or shelving scheme Dewey Decimal Classification
Koha item type Books
Holdings
Date last seen Total checkouts Full call number Barcode Price effective from Koha item type Lost status Source of classification or shelving scheme Damaged status Not for loan Withdrawn status Home library Current library Shelving location Date acquired Cost, normal purchase price
05/07/2025   658.3 NOE 0000008028 05/07/2025 Books   Dewey Decimal Classification       College of Business Education Main Library College of Business Education Main Library General Collection 01/19/2005 50000.00
05/07/2025   658.3 NOE 0000008029 05/07/2025 Books   Dewey Decimal Classification       College of Business Education Main Library College of Business Education Main Library General Collection 01/19/2005 50000.00
05/07/2025   658.3 NOE 0000008030 05/07/2025 Books   Dewey Decimal Classification       College of Business Education Main Library College of Business Education Main Library General Collection 01/19/2005 50000.00
05/07/2025   658.3 NOE 0000008031 05/07/2025 Books   Dewey Decimal Classification       College of Business Education Main Library College of Business Education Main Library General Collection 01/19/2005 50000.00
05/07/2025   658.3 NOE 0000008032 05/07/2025 Books   Dewey Decimal Classification       College of Business Education Main Library College of Business Education Main Library General Collection 01/19/2005 50000.00
05/07/2025   658.3 NOE 0000008033 05/07/2025 Books   Dewey Decimal Classification       College of Business Education Main Library College of Business Education Main Library General Collection 01/19/2005 50000.00
05/07/2025   658.3 NOE 0000008034 05/07/2025 Books   Dewey Decimal Classification       College of Business Education Main Library College of Business Education Main Library General Collection 01/19/2005 50000.00
05/07/2025   658.3 NOE 0000008027 05/07/2025 Books   Dewey Decimal Classification       College of Business Education Main Library College of Business Education Main Library General Collection 01/19/2005 50000.00